Fragmentación electoral y política tradicional en Colombia: piezas para un rompecaberzas en muchas dimensiones /

El artículo evalúa la relación entre "política tradicional" -esto es, la de los dos partidos históricos, liberal y conservador- y fragmentación electoral en Colombia. Los dos partidos tradicionales, especialmente el más grande, el liberal, tienden mucho al clientelismo. Por esta razón, muc...

Deskribapen osoa

Gorde:
Xehetasun bibliografikoak
Egile nagusia: Gutiérrez Sanín, Francisco
Formatua: Texto
Gaiak:
Etiketak: Etiketa erantsi
Etiketarik gabe, Izan zaitez lehena erregistro honi etiketa jartzen!

MARC

LEADER 00000 a a2200000 04500
001 12389
003
040
100 |a Gutiérrez Sanín, Francisco  
245 |a Fragmentación electoral y política tradicional en Colombia:   |b piezas para un rompecaberzas en muchas dimensiones /  |c Francisco Gutiérrez Sanín 
520 |a El artículo evalúa la relación entre "política tradicional" -esto es, la de los dos partidos históricos, liberal y conservador- y fragmentación electoral en Colombia. Los dos partidos tradicionales, especialmente el más grande, el liberal, tienden mucho al clientelismo. Por esta razón, muchos académicos han interpretado que los partidos dominantes promueven instituciones electorales que favorecen la fragmentación, y por ende el clientelismo. La evidencia empírica presentada aquí sostiene que dicha fragmentación no promueve los intereses de los partidos tradicionales, y apareció antes de que se instauraran las instituciones supuestamente "perversas". Esto sugiere que el análisis debe ser más cuidadoso al interpretar el significado del clientelismo en el conjunto de las dinámicas sociales, y el papel que puedan tener los problemas de acción colectiva entre los políticos  
650 |a SISTEMAS ELECTORALES  
650 |a COMPORTAMIENTO POLITICO  
650 |a CLIENTELISMO POLITICO  
650 |a PROBLEMAS POLITICOS  
650 |a ELECCIONES  
650 |a PARTIDOS POLITICOS  
650 |a ORGANOS LEGISLATIVOS  
773 |g volumen 10, número 20; páginas 53-77  
999 |c 20269  |d 20269